<?xml version="1.0" encoding="UTF-8"?>
<record
    xmlns:xsi="http://www.w3.org/2001/XMLSchema-instance"
    xsi:schemaLocation="http://www.loc.gov/MARC21/slim http://www.loc.gov/standards/marcxml/schema/MARC21slim.xsd"
    xmlns="http://www.loc.gov/MARC21/slim">

  <leader>00891nam a22002417a 4500</leader>
  <controlfield tag="003">DO-SdBNP</controlfield>
  <controlfield tag="005">20220504120359.0</controlfield>
  <controlfield tag="008">110301s2019    dr a          000 0 spa d</controlfield>
  <datafield tag="020" ind1=" " ind2=" ">
    <subfield code="a">9789945920314</subfield>
  </datafield>
  <datafield tag="040" ind1=" " ind2=" ">
    <subfield code="a">DO-SdBNP</subfield>
    <subfield code="b">spa</subfield>
    <subfield code="c">BNPHU</subfield>
  </datafield>
  <datafield tag="082" ind1=" " ind2="4">
    <subfield code="a">xxxx</subfield>
    <subfield code="b">xxx</subfield>
  </datafield>
  <datafield tag="245" ind1="0" ind2="0">
    <subfield code="a">Recursos did&#xE1;cticos pr&#xE1;cticos y din&#xE1;micos :</subfield>
    <subfield code="b">para favorecer el aprendizaje de personas j&#xF3;venes y adultas del Nivel B&#xE1;sico /</subfield>
    <subfield code="c">Aurelina Payano, Carmen Mireya Dionicio, Johanna D&#xED;az Jim&#xE9;nez, Mercedes Liriano </subfield>
  </datafield>
  <datafield tag="260" ind1=" " ind2=" ">
    <subfield code="a">Santo Domingo :</subfield>
    <subfield code="b">Centro Cultural Poveda,</subfield>
    <subfield code="c">2019.</subfield>
  </datafield>
  <datafield tag="300" ind1=" " ind2=" ">
    <subfield code="a">125 p. :</subfield>
    <subfield code="b">il.</subfield>
    <subfield code="c">25 cm.</subfield>
  </datafield>
  <datafield tag="504" ind1=" " ind2=" ">
    <subfield code="a">Bibliograf&#xED;a p: 123-125</subfield>
  </datafield>
  <datafield tag="590" ind1=" " ind2=" ">
    <subfield code="a">Inventariado, 2022/ YL</subfield>
  </datafield>
  <datafield tag="700" ind1="1" ind2="2">
    <subfield code="a">Payano, Aurelina</subfield>
    <subfield code="9">81537</subfield>
  </datafield>
  <datafield tag="700" ind1="1" ind2="2">
    <subfield code="a">Mireya Dionicio,  Carmen</subfield>
    <subfield code="9">81538</subfield>
  </datafield>
  <datafield tag="700" ind1="1" ind2="2">
    <subfield code="a">D&#xED;az Jim&#xE9;nez, Johanna</subfield>
    <subfield code="9">81539</subfield>
  </datafield>
  <datafield tag="700" ind1="1" ind2="2">
    <subfield code="a">Liriano, Mercedes </subfield>
    <subfield code="9">81540</subfield>
  </datafield>
  <datafield tag="910" ind1=" " ind2=" ">
    <subfield code="a">YLockward</subfield>
  </datafield>
  <datafield tag="942" ind1=" " ind2=" ">
    <subfield code="2">ddc</subfield>
    <subfield code="c">LBS1</subfield>
  </datafield>
  <datafield tag="952" ind1=" " ind2=" ">
    <subfield code="0">0</subfield>
    <subfield code="1">0</subfield>
    <subfield code="2">ddc</subfield>
    <subfield code="5">3</subfield>
    <subfield code="7">0</subfield>
    <subfield code="8">PD</subfield>
    <subfield code="a">BNPHU</subfield>
    <subfield code="b">BNPHU</subfield>
    <subfield code="c">CT</subfield>
    <subfield code="d">2020-11-23</subfield>
    <subfield code="e">Editora B&#xFA;ho</subfield>
    <subfield code="l">0</subfield>
    <subfield code="o">xxxx xxx</subfield>
    <subfield code="p">2022-1769</subfield>
    <subfield code="r">2022-05-04</subfield>
    <subfield code="w">2022-05-04</subfield>
    <subfield code="y">LBS1</subfield>
  </datafield>
  <datafield tag="952" ind1=" " ind2=" ">
    <subfield code="0">0</subfield>
    <subfield code="1">0</subfield>
    <subfield code="2">ddc</subfield>
    <subfield code="5">3</subfield>
    <subfield code="7">0</subfield>
    <subfield code="8">PD</subfield>
    <subfield code="a">BNPHU</subfield>
    <subfield code="b">BNPHU</subfield>
    <subfield code="c">CT</subfield>
    <subfield code="d">2020-11-23</subfield>
    <subfield code="e">Editora B&#xFA;ho</subfield>
    <subfield code="l">0</subfield>
    <subfield code="o">xxxx xxx</subfield>
    <subfield code="p">2022-1770</subfield>
    <subfield code="r">2022-05-04</subfield>
    <subfield code="t">e. 2</subfield>
    <subfield code="w">2022-05-04</subfield>
    <subfield code="y">LBS1</subfield>
  </datafield>
  <datafield tag="952" ind1=" " ind2=" ">
    <subfield code="0">0</subfield>
    <subfield code="1">0</subfield>
    <subfield code="2">ddc</subfield>
    <subfield code="5">6</subfield>
    <subfield code="7">0</subfield>
    <subfield code="8">PD</subfield>
    <subfield code="a">BNPHU</subfield>
    <subfield code="b">BNPHU</subfield>
    <subfield code="c">CT</subfield>
    <subfield code="d">2020-11-23</subfield>
    <subfield code="e">Editora B&#xFA;ho</subfield>
    <subfield code="l">0</subfield>
    <subfield code="o">xxxx xxx</subfield>
    <subfield code="p">2022-1771</subfield>
    <subfield code="r">2022-05-04</subfield>
    <subfield code="t">e. 3</subfield>
    <subfield code="w">2022-05-04</subfield>
    <subfield code="y">LBS1</subfield>
  </datafield>
  <datafield tag="999" ind1=" " ind2=" ">
    <subfield code="c">51636</subfield>
    <subfield code="d">51636</subfield>
  </datafield>
</record>
